| 000 | 00590nam a22002057a 4500 | ||
|---|---|---|---|
| 005 | 20221107143137.0 | ||
| 008 | 221107b ||||| |||| 00| 0 eng d | ||
| 040 | _cAL | ||
| 041 | _aEnglish | ||
| 082 |
_223 _a954.17 _bSINI |
||
| 100 |
_aRajendra Singh _961235 |
||
| 245 | _aIntegration of Manipur Sixth Schedule and other Demands | ||
| 260 |
_aImphal _bR K Rajendra Singh _c2003 |
||
| 300 |
_a236 p. _bPB _c21.5x13 cm. |
||
| 365 |
_a₹200.00 _b₹ _c₹200.00 |
||
| 650 |
_aManipur _961236 |
||
| 650 |
_aSixth Schedule _961237 |
||
| 700 |
_aSINGH (Rajendra) _961238 |
||
| 942 |
_2ddc _cGF |
||
| 999 |
_c225041 _d225041 |
||